<?xml version="1.0" encoding="UTF-8"?>
<record
    xmlns:xsi="http://www.w3.org/2001/XMLSchema-instance"
    xsi:schemaLocation="http://www.loc.gov/MARC21/slim http://www.loc.gov/standards/marcxml/schema/MARC21slim.xsd"
    xmlns="http://www.loc.gov/MARC21/slim">

  <leader>00872nam a22002057a 4500</leader>
  <controlfield tag="003">LK-CoMWRAF</controlfield>
  <controlfield tag="005">20260324122847.0</controlfield>
  <controlfield tag="008">260225b        |||||||| |||| 00| 0 eng d</controlfield>
  <datafield tag="020" ind1=" " ind2=" ">
    <subfield code="a">9789556250619</subfield>
  </datafield>
  <datafield tag="040" ind1=" " ind2=" ">
    <subfield code="a">LK-CoMWRAF</subfield>
    <subfield code="d">LK-CoMWRAF</subfield>
    <subfield code="e">LK-CoMWRAF</subfield>
  </datafield>
  <datafield tag="041" ind1=" " ind2=" ">
    <subfield code="a">tam</subfield>
  </datafield>
  <datafield tag="082" ind1=" " ind2=" ">
    <subfield code="a">340</subfield>
    <subfield code="b">GOO</subfield>
  </datafield>
  <datafield tag="100" ind1=" " ind2=" ">
    <subfield code="a">&#xB95;&#xBC1;&#xBA3;&#xB9A;&#xBC7;&#xB95;&#xBB0;, &#xB9A;&#xBBE;&#xBB5;&#xBBF;&#xBA4;&#xBCD;&#xBB0;&#xBBF; </subfield>
  </datafield>
  <datafield tag="245" ind1=" " ind2=" ">
    <subfield code="a">"&#xB92;&#xBB0;&#xBC7; &#xBA8;&#xBBE;&#xB9F;&#xBC1; &#xB92;&#xBB0;&#xBC7; &#xB9A;&#xB9F;&#xBCD;&#xB9F;&#xBAE;&#xBCD;"  &#xB8E;&#xBA9;&#xBCD;&#xBB1; &#xB95;&#xBB0;&#xBC1;&#xBA4;&#xBCD;&#xBA4;&#xBC1;&#xBB0;&#xBC1;&#xBB5;&#xBC1;&#xB95;&#xBCD;&#xB95;&#xBC1; &#xBAE;&#xBC1;&#xBB8;&#xBCD;&#xBB2;&#xBBF;&#xBAE;&#xBCD; &#xBAA;&#xBC6;&#xBA3;&#xBCD;&#xB95;&#xBB3;&#xBCD; &#xB86;&#xBB0;&#xBBE;&#xBAF;&#xBCD;&#xB9A;&#xBCD;&#xB9A;&#xBBF; &#xB9A;&#xBC6;&#xBAF;&#xBB2;&#xBCD; &#xBAE;&#xBC1;&#xBA9;&#xBCD;&#xBA9;&#xBA3;&#xBBF;&#xBAF;&#xBBF;&#xBA9;&#xBCD; &#xBAA;&#xBA4;&#xBBF;&#xBB2;&#xBCD; </subfield>
  </datafield>
  <datafield tag="260" ind1=" " ind2=" ">
    <subfield code="a">Colombo :</subfield>
    <subfield code="b">Muslim women's research and action forum,</subfield>
    <subfield code="c">2022</subfield>
  </datafield>
  <datafield tag="300" ind1=" " ind2=" ">
    <subfield code="a">21p. : 24cm. </subfield>
  </datafield>
  <datafield tag="505" ind1=" " ind2=" ">
    <subfield code="a">Sinhala &amp; English Available RAF4866, RAF4867, RAF2578</subfield>
  </datafield>
  <datafield tag="650" ind1=" " ind2=" ">
    <subfield code="a">Muslim women's research and action forum</subfield>
  </datafield>
  <datafield tag="942" ind1=" " ind2=" ">
    <subfield code="c">BK</subfield>
  </datafield>
  <datafield tag="952" ind1=" " ind2=" ">
    <subfield code="0">0</subfield>
    <subfield code="1">0</subfield>
    <subfield code="4">0</subfield>
    <subfield code="7">0</subfield>
    <subfield code="8">RAFP</subfield>
    <subfield code="a">MAIN</subfield>
    <subfield code="b">MAIN</subfield>
    <subfield code="d">2026-02-25</subfield>
    <subfield code="l">0</subfield>
    <subfield code="o">340 GOO</subfield>
    <subfield code="p">RAF5370</subfield>
    <subfield code="r">2026-02-25</subfield>
    <subfield code="w">2026-02-25</subfield>
    <subfield code="y">BK</subfield>
  </datafield>
  <datafield tag="952" ind1=" " ind2=" ">
    <subfield code="0">0</subfield>
    <subfield code="1">0</subfield>
    <subfield code="4">0</subfield>
    <subfield code="7">0</subfield>
    <subfield code="8">RAFP</subfield>
    <subfield code="a">MAIN</subfield>
    <subfield code="b">MAIN</subfield>
    <subfield code="d">2026-02-25</subfield>
    <subfield code="l">0</subfield>
    <subfield code="o">340 GOO</subfield>
    <subfield code="p">RAF5371</subfield>
    <subfield code="r">2026-02-25</subfield>
    <subfield code="w">2026-02-25</subfield>
    <subfield code="y">BK</subfield>
  </datafield>
  <datafield tag="952" ind1=" " ind2=" ">
    <subfield code="0">0</subfield>
    <subfield code="1">0</subfield>
    <subfield code="4">0</subfield>
    <subfield code="7">0</subfield>
    <subfield code="8">RAFP</subfield>
    <subfield code="a">MAIN</subfield>
    <subfield code="b">MAIN</subfield>
    <subfield code="d">2026-02-25</subfield>
    <subfield code="l">0</subfield>
    <subfield code="o">340 GOO</subfield>
    <subfield code="p">RAF5372</subfield>
    <subfield code="r">2026-02-25</subfield>
    <subfield code="w">2026-02-25</subfield>
    <subfield code="y">BK</subfield>
  </datafield>
  <datafield tag="999" ind1=" " ind2=" ">
    <subfield code="c">4975</subfield>
    <subfield code="d">4975</subfield>
  </datafield>
</record>
